MARC

LEADER 00000nam0a2200000 4500
001 297329
005 20231102001010.0
020 |a RU  |b 84-24988 
035 |a (RuTPU)RU\TPU\book\322462 
090 |a 297329 
100 |a 20150608d1984 k y0rusy5003 ca 
101 0 |a rus 
102 |a UZ 
105 |a a z 001zy 
200 1 |a Основы процессов контактного взаимодействия композиционных полимерных материалов с волокнистой массой  |f С. С. Негматов  |g Ташкентский политехнический институт им. А. Б. Беруни (ТашПИ) ; отв. ред. Н. С. Ениколопов 
210 |a Ташкент  |c Фан  |d 1984 
215 |a 295 с.  |c ил. 
320 |a Библиогр.: с. 286-294 
606 1 |a Полимеры  |x Трение и износ  |2 stltpush  |3 (RuTPU)RU\TPU\subj\50313  |9 69016 
606 1 |a Хлопкоуборочные машины  |2 stltpush  |3 (RuTPU)RU\TPU\subj\17407  |9 43062 
610 1 |a хлопкоочистительные заводы 
610 1 |a оборудование 
610 1 |a пластмассовые детали 
610 1 |a хлопок 
610 1 |a полимерные материалы 
610 1 |a волокнистые массы 
610 1 |a взаимодействие 
675 |a 678.01:539  |z rus  |v 4 
675 |a 635.31  |z rus  |v 4 
700 1 |a Негматов  |b С. С.  |g Сайибжан Садыкович  |4 070 
702 1 |a Ениколопов  |b Н. С.  |4 340 
712 0 2 |a Ташкентский политехнический институт им. А. Б. Беруни (ТашПИ)  |2 stltpush  |3 (RuTPU)RU\TPU\col\6741 
801 0 |a RU  |b RuMRKP  |c 19950704  |g psbo 
801 1 |a RU  |b 63413507  |c 20150608 
801 2 |a RU  |b 63413507  |c 20181123  |g RCR 
942 |c BK